Specifications for trimming trees
Descripción Física:
6 p. : 23 x 10 cm
Otros Autores:
Missouri State Highway Departament. Bureau of Maintenance
MARC
| LEADER | 00000nam a2200000Ia 4500 | ||
|---|---|---|---|
| 001 | 24414 | ||
| 008 | 160829s1930 xx 000 0 cat d | ||
| 080 | |a FU-67-2 | ||
| 245 | |a Specifications for trimming trees | ||
| 260 | |a Jefferson city, Mo. : |b Missouri State Highway Departament. Bureau of Maintenance , |c 1930 | ||
| 300 | |a 6 p. : |b 23 x 10 cm | ||
| 590 | |a Text en anglès | ||
| 650 | |a Transport |x Amèrica del Nord |9 50425 | ||
| 650 | |a Poda |9 50426 | ||
| 700 | |a Missouri State Highway Departament. Bureau of Maintenance |9 50427 | ||
| 856 | 4 | |u https://media.diba.cat/diba/fitxers/arxiu/fulletons/bib_24414_baixa.pdf |y Accés lliure | |
| 856 | 4 | |u https://media.diba.cat/diba/fitxers/arxiu/fulletons/bib_24414_baixa.pdf |y Accés lliure | |
| 901 | |a Arxiu | ||
| 942 | |n 1 |2 udc | ||
| 952 | |0 0 |1 0 |4 0 |6 FU672 |7 1 |9 56025 |a Arxiu |b Arxiu |d 2016-12-01 |l 0 |o FU-67-2 |p 24414 |r 2016-12-01 00:00:00 |w 2016-12-01 |y ARXIU | ||
| 999 | |c 59899 |d 59899 | ||
| 900 | |a bib_24414_baixa.pdf | ||